000 00469nam a2200181Ia 4500
001 16911
005 20260306170346.0
008 260306t2013||||xx |||||||||||||| ||und||
041 _aESP
082 _a657.3
_bG24
100 _aGarcía Restrepo, Javier E.
_eAUT
245 0 _aEstados financieros:
_bconsolidación y método de participación
260 _c2013
300 _a369 páginas :
_c24 cm.
650 _aGEN
654 _aCCO
942 _cLIB
_dJUS
_fJUS
_2ddc
_n
999 _c16911
_d16911